000 00984nam a2200253Ia 4500
003 OSt
005 20240810094043.0
008 210716s2014 xx 000 0 und d
020 _a9781107692268
040 _cAIMIT LIBRARY
041 _aeng
082 _a374.22
_21
_bTHOH
100 _aThomas, Howard.
_9176292
245 _aBusiness school in the twenty first century :
_bemergent challenges and new business models /
_cBy Howard Thomas, Peter Lorange and Jagdish Sheth.
250 _a1st ed.
260 _aNew Delhi :
_bCambridge University Press ,
_c2014.
300 _axi,282p. ;
_bPB
_c23.6 cm
650 _aThe business school : evolution and the search for legitmacy
_9176293
650 _aBusiness school identity and legitimacy : its relationship to the modern university and society
_9176294
650 _aAfterword : business school futures
_9176295
700 _aLorange, Peter.
_9176296
700 _aSheth, Jagdish
_9176297
942 _2ddc
_cBK
_e1st
_k374.22 THOH
999 _c208683
_d208683